|
|
|
|
| LEADER |
00000nam0a2200000 4500 |
| 001 |
89838 |
| 005 |
20231031103211.0 |
| 035 |
|
|
|a (RuTPU)RU\TPU\book\96373
|
| 090 |
|
|
|a 89838
|
| 100 |
|
|
|a 20060130d1971 k y0rusy50 ca
|
| 101 |
0 |
|
|a rus
|
| 102 |
|
|
|a RU
|
| 105 |
|
|
|a a z 001zy
|
| 200 |
1 |
|
|a Грейзеновые месторождения (онтогенез и филогенез)
|f Д. В. Рундквист, В. К. Денисенко, И. Г. Павлова
|g Всесоюзный научно-исследовательский геологический институт
|
| 210 |
|
|
|a Москва
|c Недра
|d 1971
|
| 215 |
|
|
|a 328 с.
|c ил.
|
| 320 |
|
|
|a Библиогр.: с. 314-325
|
| 610 |
1 |
|
|a геология
|
| 610 |
1 |
|
|a грейзены
|
| 610 |
1 |
|
|a грейзеновые месторождения
|
| 610 |
1 |
|
|a онтогенез
|
| 610 |
1 |
|
|a филогенез
|
| 610 |
1 |
|
|a история
|
| 610 |
1 |
|
|a возникновение
|
| 675 |
|
|
|a 553.3/.4
|v 3
|
| 700 |
|
1 |
|a Рундквист
|b Д. В.
|g Дмитрий Васильевич
|
| 701 |
|
1 |
|a Денисенко
|b В. К.
|g Владимир Климентьевич
|
| 701 |
|
1 |
|a Павлова
|b И. Г.
|g Инна Григорьевна
|
| 712 |
0 |
2 |
|a Всесоюзный научно-исследовательский геологический институт (ВСЕГЕИ)
|c (Ленинград)
|c (1939-1991)
|2 stltpush
|3 (RuTPU)RU\TPU\col\11367
|
| 801 |
|
1 |
|a RU
|b 63413507
|c 20060130
|g PSBO
|
| 801 |
|
2 |
|a RU
|b 63413507
|c 20141112
|g PSBO
|
| 942 |
|
|
|c BK
|